| 000 | 00645nam a22002057a 4500 | ||
|---|---|---|---|
| 003 | OSt | ||
| 005 | 20230118114406.0 | ||
| 008 | 221006b |||||||| |||| 00| 0 eng d | ||
| 040 | _cBiblioteca Lado V | ||
| 082 |
_a708 _bL176f |
||
| 100 |
_9558 _aLagnado, Lisette _ecuradora |
||
| 245 | _aA Falta/ | ||
| 260 |
_bValu Oria Galeria de Arte _c1998 _aBrasil |
||
| 300 |
_a50p. _c17x22cm |
||
| 650 |
_2Tesauro de Arte & Arquitectura _aEXHIBICION |
||
| 650 |
_2Tesauro de Arte & Arquitectura _aARTE |
||
| 650 |
_2Tesauro de Arte & Arquitectura _aCATALOGO |
||
| 700 |
_aEspinel, Monica _etextos |
||
| 942 |
_2ddc _c1 _h708 _iL176f _n0 |
||
| 999 |
_c2814 _d2814 |
||